LEADER 03908nam 22005532 450 001 996218163603316 005 20230302211459.0 010 $a1-139-80191-0 010 $a0-511-97639-9 035 $a(CKB)3440000000000075 035 $a(MH)012754994-3 035 $a(SSID)ssj0000505834 035 $a(PQKBManifestationID)11955269 035 $a(PQKBTitleCode)TC0000505834 035 $a(PQKBWorkID)10513698 035 $a(PQKB)10112384 035 $a(UkCbUP)CR9780511976391 035 $a(PPN)169145972 035 $a(EXLCZ)993440000000000075 100 $a20101012d2011|||| uy| 0 101 0 $aeng 135 $aur||||||||||| 181 $ctxt$2rdacontent 182 $cc$2rdamedia 183 $acr$2rdacarrier 200 04$aThe Cambridge companion to miracles /$fedited by Graham H. Twelftree$b[electronic resource] 210 1$aCambridge :$cCambridge University Press,$d2011. 215 $a1 online resource (xiv, 338 pages) $cdigital, PDF file(s) 225 1 $aCambridge companions to religion 300 $aTitle from publisher's bibliographic system (viewed on 09 Nov 2015). 311 $a0-521-89986-9 311 $a0-521-72851-7 320 $aIncludes bibliographical references and index. 320 $aIncludes bibliographical references and index. 327 $gIntroduction : miracle in an age of diversity /$rGraham H. Twelftree --$gpt. I. Fundamental issues.$tWhat is a miracle? /$rDavid Basinger --$tThe meanings of miracle /$rRobert A. Larmer --$gpt. II. Miracles in antiquity and the Middle Ages.$tMiracles in the Hebrew Bible /$rR. Walter L. Moberly --$tMiracles in the Greek and Roman world /$rRobert Garland --$tMiracles in Second Temple and early rabbinic Judaism /$rLidija Novakovic --$tThe miracles of Jesus /$rBarry L. Blackburn --$tMiracles in early Christianity /$rJames Carleton Paget --$tMiracles in the Middle Ages /$rBenedicta Ward --$gpt. III. Miracles and major religions.$tMiracles in traditional religions /$rFiona Bowie --$tMiracles in Hinduism /$rGavin Flood --$tMiracles in Islam /$rDavid Thomas --$tTales of miraculous teachings : miracles in early Indian Buddhism /$rRupert Gethin --$tMiracles in Christianity /$rRalph Del Colle --$tMiracles in Jewish philosophy /$rKenneth Seeskin --$gpt. IV. Miracle today.$tIssues in the history of the debates on miracles /$rColin Brown --$tPhilosophers on miracles /$rMichael P. Levine --$tPatient belief in miraculous healing : positive or negative coping resource? /$rNiels Christian Hvidt. 330 $aThe miracle stories of the founders and saints of the major world religions have much in common. Written by international experts, this Companion provides an authoritative and comparative study of miracles in not only Hinduism, Islam, Buddhism, Christianity and Judaism, but also, indigenous religions. The authors promote a discussion of the problems of miracles in our largely secular culture, and of the value of miracles in religious belief. The miracles of Jesus are also contextualized through chapters on the Hebrew Bible, classical culture to the Romans, Second Temple and early rabbinic Judaism and early Christianity. This book provides students with a scholarly introduction to miracles, which also covers philosophical, medical and historical issues. 410 0$aCambridge companions to religion. 606 $aMiracles 615 0$aMiracles. 676 $a202/.117 686 $aREL000000$2bisacsh 702 $aTwelftree$b Graham H. 801 0$bUkCbUP 801 1$bUkCbUP 906 $aBOOK 912 $a996218163603316 996 $aThe Cambridge companion to miracles$92493764 997 $aUNISA 999 $aThis Record contains information from the Harvard Library Bibliographic Dataset, which is provided by the Harvard Library under its Bibliographic Dataset Use Terms and includes data made available by, among others the Library of Congress LEADER 03187oas 2201057 a 450 001 9910223711503321 005 20260213213014.0 011 $a2831-9575 035 $a(OCoLC)51252669 035 $a(CONSER) 2009268128 035 $a(CKB)111032812858134 035 $a(EXLCZ)99111032812858134 100 $a20021219b19932002 sy a 101 0 $aeng 135 $aurmnu|||||||| 181 $ctxt$2rdacontent 182 $cc$2rdamedia 183 $acr$2rdacarrier 200 14$aThe University of Chicago Law School roundtable $ea journal of interdisciplinary studies 210 $aChicago, Ill. $cStudents at the University of Chicago Law School$dİ1993-2002 300 $aTitle from title screen as viewed 12/18/02. 311 08$a1075-9166 517 3 $aRoundtable 531 0 $aUniv. Chic. Law Sch. roundtable 606 $aLaw$vPeriodicals 606 $aSociological jurisprudence$vPeriodicals 606 $aLaw$xPolitical aspects$vPeriodicals 606 $aLaw$xEconomic aspects$vPeriodicals 606 $aCulture and law$vPeriodicals 606 $aLaw reviews$zIllinois 606 $aRevues de droit$zIllinois 606 $aDroit$vPe?riodiques 606 $aDroit$xAspect e?conomique$vPe?riodiques 606 $aSociologie juridique$vPe?riodiques 606 $aDroit$xAspect politique$vPe?riodiques 606 $aCulture et droit$vPe?riodiques 606 $aCulture and law$2fast$3(OCoLC)fst00885095 606 $aLaw$2fast$3(OCoLC)fst00993678 606 $aLaw$xEconomic aspects$2fast$3(OCoLC)fst00993723 606 $aLaw$xPolitical aspects$2fast$3(OCoLC)fst00993795 606 $aLaw reviews$2fast$3(OCoLC)fst00994120 606 $aSociological jurisprudence$2fast$3(OCoLC)fst01123856 607 $aIllinois$2fast$1https://id.oclc.org/worldcat/entity/E39PBJgt3k8FThFDJMfjp8rpfq 608 $aPeriodicals.$2fast 615 0$aLaw 615 0$aSociological jurisprudence 615 0$aLaw$xPolitical aspects 615 0$aLaw$xEconomic aspects 615 0$aCulture and law 615 0$aLaw reviews 615 6$aRevues de droit 615 6$aDroit 615 6$aDroit$xAspect e?conomique 615 6$aSociologie juridique 615 6$aDroit$xAspect politique 615 6$aCulture et droit 615 7$aCulture and law. 615 7$aLaw. 615 7$aLaw$xEconomic aspects. 615 7$aLaw$xPolitical aspects. 615 7$aLaw reviews. 615 7$aSociological jurisprudence. 676 $a340.071 712 02$aUniversity of Chicago.$bLaw School. 801 0$bFJM 801 1$bFJM 801 2$bOCLCQ 801 2$bMUQ 801 2$bOCLCQ 801 2$bLGG 801 2$bOCLCS 801 2$bOCLCQ 801 2$bTXJ 801 2$bNDO 801 2$bOCLCQ 801 2$bOCLCA 801 2$bOCLCF 801 2$bOCLCO 801 2$bOCLCQ 801 2$bOCLCA 801 2$bVT2 801 2$bOCLCO 801 2$bDLC 801 2$bOCLCQ 801 2$bAUD 801 2$bOCLCL 801 2$bDLC 906 $aJOURNAL 912 $a9910223711503321 996 $aThe University of Chicago Law School roundtable$92097947 997 $aUNINA